000
00286nam a22001337a 4500
008
170926b xxu||||| |||| 00| 0 eng d
020
_a
9780131707504
041
_a
eng
080
_a
37
100
_a
37
101
_a
EDU
245
_a
CLASSROOM MANAGEMENT
_c
LEE.M
942
_2
udc
_c
BK
999
_c
30001
_d
30001